Ngữ văn 11

Sách là tài liệu tham khảo giúp giáo viên, học sinh trung học phổ thông có thêm tư liệu để dạy và học tốt hơn bộ môn Ngữ văn.

Na minha lista:
Detalhes bibliográficos
Autor principal: Phan, Trọng Luận
Formato: Livro
Idioma:Undetermined
Publicado em: Hà Nội Giáo dục 2007
Assuntos:
Tags: Adicionar Tag
Sem tags, seja o primeiro a adicionar uma tag!
Thư viện lưu trữ: Trung tâm Học liệu Trường Đại học Cần Thơ
LEADER 00850nam a2200229Ia 4500
001 CTU_134322
008 210402s9999 xx 000 0 und d
020 |c 7900 
082 |a 495.9220712 
082 |b L502/L11/T.1 
100 |a Phan, Trọng Luận 
245 0 |a Ngữ văn 11 
245 0 |c Phan Trọng Luận tổng chủ biên ...[et al.] 
260 |a Hà Nội 
260 |b Giáo dục 
260 |c 2007 
520 |a Sách là tài liệu tham khảo giúp giáo viên, học sinh trung học phổ thông có thêm tư liệu để dạy và học tốt hơn bộ môn Ngữ văn. 
650 |a Vietnamese language,Văn học Việt Nam 
650 |x Study and teaching 
650 |z Việt Nam 
904 |i Trọng Hải 
980 |a Trung tâm Học liệu Trường Đại học Cần Thơ